000 00903nam a22002537a 4500
999 _c3223
_d3223
003 AR-CdUCM
008 190306b ||||| |||| 00| 0 spa d
040 _aMUNICIPALIDAD PROVINCIAL DEL CUSCO
_cBIBLIOTECA MUNICIPAL DEL CUSCO
041 _heng
082 _a370.4 /
_bK59
100 _aKlaus, David J
_910793
245 _aTecnicas de Individualización e Innovación de la Enseñanza /
260 _aMexico :
_bTrillas,
_c1972.
300 _a354 paginas ;
_c23cm.
500 _aCentro regional de ayuda tecnica
505 _aContenido- Principios fundamentales -- Automatización educativa -- Programacion de la instrucción -- Propositos y objetivos -- sistemas educativos...
650 _aSistema educativo
_910794
650 _aProgramacón
_910795
650 _aMexico
_918
650 _aLiteratura
_983
700 _aPatan Lopez, Federico
_910796
942 _2ddc
_cLIBROS
945 _apjha